Normal view
MARC view
- الشعر العربي الحديث - موريتانيا - 1960-1995
Entry Topical Term
001 - CONTROL NUMBER
- control field: 24008
003 - CONTROL NUMBER IDENTIFIER
- control field: JO-AjAnu
005 - DATE AND TIME OF LATEST TRANSACTION
- control field: 20230606074124.0
008 - FIXED-LENGTH DATA ELEMENTS
- fixed length control field: 230606|| aca||aabn | a|a d
040 ## - CATALOGING SOURCE
- Original cataloging agency: JO-AjAnu
- Transcribing agency: JO-AjAnu
150 ## - HEADING--TOPICAL TERM
- Topical term or geographic name entry element: الشعر العربي الحديث - موريتانيا - 1960-1995
670 ## - SOURCE DATA FOUND
- Source citation: Work cat.: (JO-AjAnu)12342: المصطفى، محمد الحسن ولد محمد, author 24007, الشعر العربي الحديث في موريتانيا: دراسة في تطور البناء الفني والدلالي 1960-1995